Cronología mundial durante seis meses inquietantes : (Record no. 196873)

MARC details
000 -LEADER
campo de control de longitud fija 01403nam a2200373 i 4500
001 - NÚMERO DE CONTROL
campo de control 196873
003 - IDENTIFICADOR DE NÚMERO DE CONTROL
campo de control ES-MaREB
005 - FECHA Y HORA DE LA ÚLTIMA TRANSACCIÓN
campo de control 20250815004926.0
007 - CAMPO FIJO DE DESCRIPCIÓN FÍSICA--INFORMACIÓN GENERAL
campo de control de longitud fija ta
008 - DATOS DE LONGITUD FIJA--INFORMACIÓN GENERAL
campo de control de longitud fija 250114s2023 sp a ||| 000 0 spa c
017 ## - NÚMERO DE COPYRIGHT O DE DEPÓSITO LEGAL
Número de copyright o de depósito legal M 35375-2023
020 ## - NÚMERO INTERNACIONAL ESTÁNDAR DEL LIBRO
Número Internacional Estándar del Libro 9788412768206
035 ## - NÚMERO DE CONTROL DEL SISTEMA
Número de control de sistema ES-VlRAB002115833
040 ## - FUENTE DE CATALOGACIÓN
Centro catalogador/agencia de origen RABEL
Lengua de catalogación spa
Centro/agencia transcriptor ES-MaACL
080 ## - NÚMERO DE LA CLASIFICACIÓN DECIMAL UNIVERSAL
Número de la Clasificación Decimal Universal 94(100)"1938"
080 ## - NÚMERO DE LA CLASIFICACIÓN DECIMAL UNIVERSAL
Número de la Clasificación Decimal Universal 94(460)"1936/39"
100 1# - ENTRADA PRINCIPAL--NOMBRE DE PERSONA
Nombre de persona Rubio Herrero, Federico,
Fechas asociadas al nombre 1951-
9 (RLIN) 176099
Término indicativo de función/relación Autor
245 10 - MENCIÓN DEL TÍTULO
Título Cronología mundial durante seis meses inquietantes :
Resto del título enero-junio de 1938 /
Mención de responsabilidad, etc. Federico Rubio Herrero.
250 ## - MENCION DE EDICION
Mención de edición Primera edición: diciembre 2023
260 ## - PUBLICACIÓN, DISTRIBUCIÓN, ETC.
Lugar de publicación, distribución, etc. Madrid :
Nombre del editor, distribuidor, etc. Lekla Ediciones,
Fecha de publicación, distribución, etc. 2023.
300 ## - DESCRIPCIÓN FÍSICA
Extensión 107 páginas :
Otras características físicas ilustrado en blanco y negro ;
Dimensiones 24 cm.
336 ## - TIPO DE CONTENIDO
Fuente rdacontent
Término de tipo de contenido texto
337 ## - TIPO DE MEDIO
Fuente rdamedia
Nombre/término del tipo de medio sin mediación
338 ## - TIPO DE SOPORTE
Fuente rdacarrier
Nombre/término del tipo de soporte volumen
650 #4 - PUNTO DE ACCESO ADICIONAL DE MATERIA--TÉRMINO DE MATERIA
Término de materia o nombre geográfico como elemento de entrada Historia contemporánea-
Subdivisión cronológica S.XX
9 (RLIN) 13396
651 #4 - PUNTO DE ACCESO ADICIONAL DE MATERIA--NOMBRE GEOGRÁFICO
Nombre geográfico España-
Subdivisión general Historia-
Subdivisión cronológica 1936-1939, Guerra civil
9 (RLIN) 8292
655 #0 - TERMINO DE INDIZACIÓN--GENERO/FORMA
Datos o término principal de género/forma Cronologías
9 (RLIN) 239461
852 ## - LOCALIZACIÓN
Ubicación ES-MaACL
Ubicación en estantería Depósito J
Número de control de estantería N-10327
Donativo/Legado Donación: Federico Rubio Herrero
Encuadernación Encuadernación rústica
itemnumber 206451
903 ## - NOMBRE PERSONAL DE DONANTE
9 176099
a Rubio Herrero, Federico,
d 1951-
e Donante
942 ## - ELEMENTOS DE ENTRADA SECUNDARIOS (KOHA)
Tipo de ítem Koha Libro impreso
Suprimir en OPAC No
Holdings
Estatus retirado Estado de pérdida Fuente del sistema de clasificación o colocación Estado de daño No para préstamo Biblioteca de origen Biblioteca actual Ubicación en estantería Fecha de adquisición Fuente de adquisición Total de préstamos Signatura topográfica completa Código de barras Visto por última vez Precio de reemplazo Tipo de ítem Koha
    Clasificación decimal universal     Biblioteca del Ateneo de Madrid Biblioteca del Ateneo de Madrid Depósito J 02/08/2025 Donación   N-10327 2025-0829 02/08/2025 02/08/2025 Libro impreso